Χαμοζωή : χρονικό του παλιού καιρού

Αποθηκεύτηκε σε:
Λεπτομέρειες βιβλιογραφικής εγγραφής
Κύριος συγγραφέας: Παναγιωτόπουλος, Ι. Μ., 1901-1982
Μορφή: Βιβλίο
Γλώσσα:Greek
Δημοσίευση: Αθήναι : Αστήρ, 1992
Έκδοση:5η έκδ.
Θέματα:
Ετικέτες: Προσθήκη ετικέτας
Δεν υπάρχουν, Καταχωρήστε ετικέτα πρώτοι!

MARC

LEADER 00000nam a2200000 i 4500
001 1/91046
008 080715s1992 gre d
020 |a 960-203-241-3 
035 |l 10098976 
040 |a GR-MY-UA  |b gre  |e aacr 
041 0 |a gre 
082 0 |a 889.332  |2 (22) 
100 1 |a Παναγιωτόπουλος, Ι. Μ.,   |d 1901-1982. 
245 1 0 |a Χαμοζωή :  |b χρονικό του παλιού καιρού /  |c Ι.Μ. Παναγιωτόπουλου 
250 |a 5η έκδ. 
260 |a Αθήναι :   |b Αστήρ,   |c 1992 
300 |a 150 σ.;  |c 21 εκ. 
500 |a Τριλογία: Χαμοζωή - Αστροφεγγιά - Αιχμάλωτοι 
650 0 0 |a Greek literature, Modern  |y 20th century. 
650 0 0 |a Greek fiction, Modern  |y 20th century. 
852 |a INST  |b RHODES  |e 20080715  |h 889.332 ΠΑΝ  |p 005400027697  |q 005400027697  |t BK  |y 0 
901 |a BIBL4-2008-2 
909 |a Ρ  |b 144449 
922 |a 4ΕΛΗ  |b 200801  |c ΕΠΕΑΕΚ2/ΤΕΠΑΕΣ  |d Σ. ΠΑΤΑΚΗΣ 
970 |a ΚΟΖΑ  |b ΜΑΡΙΑ  |z 2008/07/15